000 00534nam a2200205Ia 4500
001 5745
003 GE_BSU
008 181216s||||||||xx |||||||||||||| ||und||
040 _cGE_BSU
080 _a517.53/55
100 _aГахов, Ф.Д.
245 _aКраевые задачи.
245 _cРед. И.Г. Араманович
260 _aМосква
260 _bГосиздат физ- мат. лит-ры
260 _c1958
300 _a543 с. 20 см.
653 _aКраевые задачи
942 _cBK
999 _c39162
_d39162